000 01084nam a22002177a 4500
003 OSt
005 20190108064558.0
008 180220b xxu||||| |||| 00| 0 spa d
020 _a9507277544
040 _cPJ
245 1 3 _aLa impugnacion de la sentencia firme /
_cJorge W. Peyrano director, Carbone Carlos Alberto coordinador.
260 _aBuenos Aires :
_cRubinzal - Culzoni,
_b2006.
300 _a2 v.
_c23 cm.
505 _aContenido: v. 1: Teoría General -- Procedimiento: Juez competente --Trámite en el proceso civil, concursal, laboral, administrativo e internacional -- Prescripción -- Revocatoria in extremis -- Suspension de ejecución v. 2: Parte Especial: Derecho de familia -- Derecho Concursal -- Derecho Penal -- Derechos Internacional --Procesos colectivos -- Jurisprudencia
650 0 _9267
_aDERECHO PROCESAL
650 0 _92041
_aRESOLUCIONES JUDICIALES
650 0 _92210
_aRESOLUCIONES RECURRIBLES
700 _92135
_aPeyrano, Jorge Walter
_edirector
700 _93560
_aCarbone, Carlos Alberto
_ecoordinador
942 _2udc
_cLIB
_h347.955
_iIMP
999 _c1456
_d1456